|
|
|
|
| LEADER |
00893nam a22002297a 4500 |
| 001 |
37940 |
| 003 |
BD-DhAAL |
| 008 |
220308t2009 ii ||||| |||| 00| 0 ben d |
| 999 |
|
|
|c 43701
|d 43701
|
| 020 |
|
|
|a 9788177568394
|
| 040 |
|
|
|a BD-DhAAL
|
| 041 |
|
|
|a ben
|
| 082 |
|
|
|a 891.44
|2 23
|
| 100 |
|
|
|a ঘোষ, সাগরময়
|9 46600
|
| 245 |
|
|
|a হীরের নাকছবি /
|c সাগরময় ঘোষ
|
| 260 |
|
|
|a কলকাতা :
|b আনন্দ,
|c ২০০৯.
|
| 300 |
|
|
|a ১৭২ পৃষ্ঠা ;
|c ২২ সে.মি.
|
| 541 |
|
|
|a Donated by Akbar Ali Khan
|e 37940
|
| 650 |
|
|
|a Bengali literature.
|9 46601
|
| 852 |
|
|
|a Ayesha Abed Library
|c Akbar Ali Khan Collection
|
| 942 |
|
|
|2 ddc
|c BK
|
| 952 |
|
|
|0 0
|1 0
|2 ddc
|4 0
|6 891_440000000000000_GHO
|7 1
|9 70038
|a BRACUL
|b BRACUL
|c AAKC
|d 2022-03-08
|e Donated by Akbar Ali Khan
|l 0
|o 891.44 GHO
|p 3010037940
|r 2022-03-08
|t 1
|w 2022-03-08
|y BK
|